|
|
|
|
| LEADER |
01094nam a2200301 a 4500 |
| 001 |
820 |
| 003 |
BD-DhAAL |
| 005 |
20150915124201.0 |
| 008 |
150915s1980 sz b i000 0 eng d |
| 020 |
|
|
|a 922102363X
|
| 040 |
|
|
|a CSt-B
|c CSt-B
|d NIC
|d BD-DhAAL
|
| 050 |
|
4 |
|a HD30.4
|b .R45 1980
|
| 082 |
|
|
|a 370/.71/1
|
| 100 |
1 |
|
|a Reynolds, John I.
|9 14667
|
| 245 |
1 |
0 |
|a Case method in management development :
|b guide for effective use /
|c John I. Reynolds.
|
| 260 |
|
|
|a Geneva :
|b International Labour Office,
|c 1980.
|
| 300 |
|
|
|a vi, 264 p. ;
|c 24 cm.
|
| 490 |
1 |
|
|a Management development series ;
|v no. 17
|
| 504 |
|
|
|a Bibliography: p.263-264.
|
| 541 |
|
|
|e 820
|
| 650 |
|
0 |
|a Case method
|9 1474
|
| 650 |
|
0 |
|a Management
|x Study and teaching.
|9 2427
|
| 650 |
|
7 |
|a Case method
|2 fast
|9 1474
|
| 650 |
|
7 |
|a Management
|x Study and teaching
|2 fast
|9 2427
|
| 830 |
|
0 |
|a Management development series ;
|v no. 17
|9 14668
|
| 942 |
|
|
|2 ddc
|c BK
|
| 999 |
|
|
|c 35543
|d 35543
|
| 952 |
|
|
|0 0
|1 0
|2 ddc
|4 0
|6 370_000000000000000__71_1_REY
|7 0
|9 55904
|a SCL
|b SCL
|c GEN
|d 2015-09-15
|l 0
|o 370.711 REY
|p 3020000820
|r 2015-09-15
|t 1
|w 2015-09-15
|y BK
|